<?xml version="1.0" encoding="UTF-8"?>
<record
    xmlns:xsi="http://www.w3.org/2001/XMLSchema-instance"
    xsi:schemaLocation="http://www.loc.gov/MARC21/slim http://www.loc.gov/standards/marcxml/schema/MARC21slim.xsd"
    xmlns="http://www.loc.gov/MARC21/slim">

  <leader>02041nam a22003494a 4500</leader>
  <controlfield tag="001">422</controlfield>
  <controlfield tag="003">OSt</controlfield>
  <controlfield tag="005">20250528074020.0</controlfield>
  <controlfield tag="008">230927b        bl ||||| |||| 00| 0 por d</controlfield>
  <datafield tag="020" ind1=" " ind2=" ">
    <subfield code="a">9788598078441</subfield>
  </datafield>
  <datafield tag="040" ind1=" " ind2=" ">
    <subfield code="b">por</subfield>
  </datafield>
  <datafield tag="041" ind1="1" ind2=" ">
    <subfield code="a">por</subfield>
    <subfield code="h">eng</subfield>
  </datafield>
  <datafield tag="082" ind1=" " ind2=" ">
    <subfield code="a">IJ 028.5</subfield>
    <subfield code="b">R585m</subfield>
  </datafield>
  <datafield tag="100" ind1="1" ind2=" ">
    <subfield code="a">Riordan, Rick,</subfield>
    <subfield code="d">1964-</subfield>
    <subfield code="9">745</subfield>
  </datafield>
  <datafield tag="240" ind1="0" ind2="4">
    <subfield code="a">The sea of monsters.</subfield>
  </datafield>
  <datafield tag="245" ind1="1" ind2="2">
    <subfield code="a">O mar de monstros /</subfield>
    <subfield code="c">Riordan, Rick ; tradu&#xE7;&#xE3;o de Ricardo Gouveia. -</subfield>
  </datafield>
  <datafield tag="260" ind1=" " ind2=" ">
    <subfield code="a">Rio de Janeiro :</subfield>
    <subfield code="b">Intr&#xED;nseca,</subfield>
    <subfield code="c">2009.</subfield>
  </datafield>
  <datafield tag="300" ind1=" " ind2=" ">
    <subfield code="a">286p. ;</subfield>
  </datafield>
  <datafield tag="490" ind1="1" ind2=" ">
    <subfield code="a">(Percy Jackson &amp; os olimpianos ;</subfield>
    <subfield code="v">2)</subfield>
  </datafield>
  <datafield tag="500" ind1=" " ind2=" ">
    <subfield code="a">Tradu&#xE7;&#xE3;o de: The sea of monsters.</subfield>
  </datafield>
  <datafield tag="520" ind1=" " ind2=" ">
    <subfield code="a">O Mar de Monstros &#xE9; o segundo volume da s&#xE9;rie Percy Jackson e os olimpianos, best-seller do The New York Times. Nessa nova aventura, Percy e seus amigos est&#xE3;o em busca do Velocino de Ouro, &#xFA;nico artefato m&#xE1;gico capaz de proteger da destrui&#xE7;&#xE3;o seu lugar predileto e, at&#xE9; ent&#xE3;o, o mais seguro do mundo: o Acampamento Meio-Sangue. Com o envenenamento da &#xE1;rvore de Thalia por um inimigo misterioso, as fronteiras m&#xE1;gicas que protegem o Acampamento est&#xE3;o amea&#xE7;adas, e &#xE9; preciso buscar o ant&#xED;doto.

Assim, nossos her&#xF3;is partem em uma arriscada e incr&#xED;vel viagem pelo Mar de Monstros, localizado nas coordenadas 30-31-75-12: uma refer&#xEA;ncia ao Tri&#xE2;ngulo das Bermudas. L&#xE1;, enfrentam seres fant&#xE1;sticos e muitos perigos e situa&#xE7;&#xF5;es inusitadas, que p&#xF5;em &#xE0; prova seu hero&#xED;smo e sua heran&#xE7;a &#x2013; quando Percy ir&#xE1; questionar se ser filho de Poseidon &#xE9; uma honra ou uma terr&#xED;vel maldi&#xE7;&#xE3;o. Combinando fatos contempor&#xE2;neos com mitologia, fantasia com erudi&#xE7;&#xE3;o, O Mar de Monstros diverte, encanta e ensina pais e filh</subfield>
  </datafield>
  <datafield tag="650" ind1="0" ind2="0">
    <subfield code="a">Literatura Americana</subfield>
    <subfield code="9">84</subfield>
  </datafield>
  <datafield tag="650" ind1="0" ind2="0">
    <subfield code="a">Infantojuvenil</subfield>
    <subfield code="9">200</subfield>
  </datafield>
  <datafield tag="650" ind1="0" ind2="0">
    <subfield code="a">Lendas</subfield>
    <subfield code="9">611</subfield>
  </datafield>
  <datafield tag="650" ind1="0" ind2="0">
    <subfield code="a">Mitologia grega.</subfield>
    <subfield code="9">610</subfield>
  </datafield>
  <datafield tag="650" ind1="0" ind2="0">
    <subfield code="a">Literatura fant&#xE1;stica.</subfield>
  </datafield>
  <datafield tag="655" ind1=" " ind2="0">
    <subfield code="a">Romance</subfield>
    <subfield code="9">23</subfield>
  </datafield>
  <datafield tag="655" ind1=" " ind2="0">
    <subfield code="a">Fic&#xE7;&#xE3;o </subfield>
    <subfield code="9">22</subfield>
  </datafield>
  <datafield tag="700" ind1=" " ind2=" ">
    <subfield code="a">Gouveia, Ricardo,</subfield>
    <subfield code="d">1942-</subfield>
    <subfield code="9">899</subfield>
  </datafield>
  <datafield tag="830" ind1=" " ind2=" ">
    <subfield code="a">Percy Jackson e Os olimpianos</subfield>
    <subfield code="v">vol. 02</subfield>
    <subfield code="9">910</subfield>
  </datafield>
  <datafield tag="942" ind1=" " ind2=" ">
    <subfield code="2">ddc</subfield>
    <subfield code="c">BK</subfield>
  </datafield>
  <datafield tag="952" ind1=" " ind2=" ">
    <subfield code="0">0</subfield>
    <subfield code="1">0</subfield>
    <subfield code="2">ddc</subfield>
    <subfield code="4">0</subfield>
    <subfield code="7">0</subfield>
    <subfield code="8">NFIC</subfield>
    <subfield code="a">BIBIB</subfield>
    <subfield code="b">BIBIB</subfield>
    <subfield code="c">IJ</subfield>
    <subfield code="d">2025-05-19</subfield>
    <subfield code="e">doa&#xE7;&#xE3;o</subfield>
    <subfield code="l">0</subfield>
    <subfield code="o">IJ 028.5 / R585m</subfield>
    <subfield code="p">2025-17350</subfield>
    <subfield code="r">2025-05-19 07:56:31</subfield>
    <subfield code="w">2025-05-19</subfield>
    <subfield code="y">BK</subfield>
  </datafield>
  <datafield tag="999" ind1=" " ind2=" ">
    <subfield code="c">422</subfield>
    <subfield code="d">422</subfield>
  </datafield>
</record>
